000 00750nam a2200289Ia 4500
005 20260324124301.0
008 008 260324s9999 xx 000 0 eng d
020 _a9780240522012
037 _aEBOOK
040 _aCRL
040 _beng
040 _cCRL
041 _2eng
041 _aeng
084 _qCRL
100 _aMartin Evening
_91159979
245 0 _aAdobe Photoshop CS5 for Photographers
245 2 _bA professional image editor's guide to the creative use of Photoshop for the Macintosh and PC
260 _bTaylor and Francis
260 _c2010
365 _a
365 _b230
856 _uhttp://www.taylorfrancis.com/books/9780240522012
942 _cEBOOK
999 _c1767811
_d1767811